• 首页
  • 本馆介绍
  • 公告通知
  • 最新文献
  • 馆藏检索
  • 电子资源
  • 读者导购
  • 参考咨询
  • 我的图书馆
  • 登录
  • 详细信息显示
  • 放入我的书架
  • 预约/预借图书
  • 作者相关作品
  • 分类相关作品
  • 丛书相关作品
  • 出版社相关作品

书目信息

  • 表格格式
  • 工作单格式
  • 卡片格式
题名:
项目管理案例教程
    
 
作者: 白思俊 主编
分册:  
出版信息: 北京   机械工业出版社  2011
页数: 12,276页
开本: 24cm
丛书名:
单 册:
中图分类: F224.5
科图分类:
主题词: 项目管理--案例--世界--教材 , 项目管理
电子资源:
ISBN: 978-7-111-26107-0
000 01052nam0 2200289 450
001 100428573496
005 20110111081112.25
010    @a978-7-111-26107-0@dCNY32.00
100    @a20090506d2011 em y0chiy0110 ea
101 0  @achi
102    @aCN@b110000
105    @ay z 000yy
106    @ar
200 1  @a项目管理案例教程@Axiang mu guan li an li jiao cheng@f白思俊主编
205    @a2版
210    @a北京@c机械工业出版社@d2011
215    @a12,276页@d24cm
300    @a普通高等教育“十一五”国家级规划教材 21世纪项目管理系列规划教材
312    @a封面英文题名:The course of project management cases
330    @a本书以一些项目开展项目管理的实际操作和经验为例,结合现代项目管理理念和国际项目管理的规范做法,介绍现代项目管理知识与技术在项目实践中的应用过程。
510 1  @aCourse of project management cases@zeng
606 0  @a项目管理@x案例@y世界@j教材
606 0  @a项目管理
690    @aF224.5@v4
701  0 @a白思俊@Abai si jun@f(1964.2~)@4主编
801  0 @aCN@bSYL@c20110111
905    @b205967202-257@h596720-25@dF224.5@e384=2@f6
    
    项目管理案例教程/白思俊主编.-2版.-北京:机械工业出版社,2011
    12,276页;24cm
    普通高等教育“十一五”国家级规划教材 21世纪项目管理系列规划教材
    
    ISBN 978-7-111-26107-0:CNY32.00
    本书以一些项目开展项目管理的实际操作和经验为例,结合现代项目管理理念和国际项目管理的规范做法,介绍现代项目管理知识与技术在项目实践中的应用过程。
●
相关链接 在E读中查询图书 在五车中查询图书 在当当中查询图书 在豆瓣中查询图书


正题名:项目管理案例教程     索取号:F224.5/384=2         预约/预借

序号 登录号 条形码 馆藏地/架位号 状态 备注
1 596720   205967202   第一样本阅览室/ [索取号:F224.5/384=2] 在馆    
2 596721   205967211   第一借阅区/ [索取号:F224.5/384=2] 在馆    
3 596722   205967220   第一借阅区/ [索取号:F224.5/384=2] 在馆    
4 596723   205967239   第一借阅区/ [索取号:F224.5/384=2] 在馆    
5 596724   205967248   第一借阅区/ [索取号:F224.5/384=2] 在馆    
6 596725   205967257   第一借阅区/ [索取号:F224.5/384=2] 在馆    
唐山师范学院图书馆 欢迎您!
大连网信软件有限公司© 版权所有